DOS Inside and Out (Record no. 163)
[ view plain ]
| 000 -LEADER | |
|---|---|
| fixed length control field | 00248 a2200109 4500 |
| 020 ## - INTERNATIONAL STANDARD BOOK NUMBER | |
| International Standard Book Number | 0078817803 |
| 082 ## - DEWEY DECIMAL CLASSIFICATION NUMBER | |
| Classification number | 005.4469 JAM |
| 100 ## - MAIN ENTRY--PERSONAL NAME | |
| Personal name | Jamsa, Kris |
| 245 ## - TITLE STATEMENT | |
| Title | DOS Inside and Out |
| 260 ## - PUBLICATION, DISTRIBUTION, ETC. | |
| Place of publication, distribution, etc. | USA |
| Name of publisher, distributor, etc. | McGraw Hill |
| Date of publication, distribution, etc. | 1991 |
| 300 ## - PHYSICAL DESCRIPTION | |
| Extent | xv, 878p. : |
| Dimensions | 25cm |
| 650 ## - SUBJECT ADDED ENTRY--TOPICAL TERM | |
| Topical term or geographic name entry element | DOS. Computer |
| Withdrawn status | Lost status | Damaged status | Not for loan | Permanent Location | Current Location | Shelving location | Date acquired | Total Checkouts | Full call number | Barcode | Date last seen | Price effective from | Koha item type |
|---|---|---|---|---|---|---|---|---|---|---|---|---|---|
| School of Civil and Environmental Engineering (SCEE) | School of Civil and Environmental Engineering (SCEE) | 005.4469 JAM | NIT-2665 | 01/05/2017 | 01/05/2017 | Book |
